Making connections : (Record no. 181512)
[ view plain ]
| 000 -LEADER | |
|---|---|
| fixed length control field | 01210nam a2200289 a 4500 |
| 001 - CONTROL NUMBER | |
| control field | vtls003152382 |
| 003 - CONTROL NUMBER IDENTIFIER | |
| control field | MY-SjTCS |
| 005 - DATE AND TIME OF LATEST TRANSACTION | |
| control field | 20200226121348.0 |
| 008 - FIXED-LENGTH DATA ELEMENTS--GENERAL INFORMATION | |
| fixed length control field | 110218s2005 enka | |||| 001|0 eng| |
| 020 ## - INTERNATIONAL STANDARD BOOK NUMBER | |
| International Standard Book Number | 9780521542845 (pbk.) |
| 020 ## - INTERNATIONAL STANDARD BOOK NUMBER | |
| International Standard Book Number | 0521542847 (pbk.) |
| 039 #9 - LEVEL OF BIBLIOGRAPHIC CONTROL AND CODING DETAIL [OBSOLETE] | |
| Level of rules in bibliographic description | 201102181637 |
| Level of effort used to assign nonsubject heading access points | VLOAD |
| Level of effort used to assign subject headings | 201102181409 |
| Level of effort used to assign classification | VLOAD |
| Level of effort used to assign subject headings | 200909231000 |
| Level of effort used to assign classification | sossamma |
| Level of effort used to assign subject headings | 200909230952 |
| Level of effort used to assign classification | sossamma |
| -- | 200908201254 |
| -- | jamalia |
| 082 04 - DEWEY DECIMAL CLASSIFICATION NUMBER | |
| Classification number | 428.64 |
| Item number | PAK |
| 100 1# - MAIN ENTRY--PERSONAL NAME | |
| Personal name | Pakenham, Kenneth J. |
| 9 (RLIN) | 103777 |
| 245 10 - TITLE STATEMENT | |
| Title | Making connections : |
| Remainder of title | a strategic approach to academic reading / |
| Statement of responsibility, etc. | Kenneth J. Pakenham. |
| 250 ## - EDITION STATEMENT | |
| Edition statement | 2nd ed. |
| 260 ## - PUBLICATION, DISTRIBUTION, ETC. | |
| Place of publication, distribution, etc. | Cambridge : |
| Name of publisher, distributor, etc. | Cambridge University Press, |
| Date of publication, distribution, etc. | 2005. |
| 300 ## - PHYSICAL DESCRIPTION | |
| Extent | xiii, 274 p. : |
| Other physical details | ill. ; |
| Dimensions | 26 cm. |
| 490 1# - SERIES STATEMENT | |
| Series statement | Making connections |
| 500 ## - GENERAL NOTE | |
| General note | 6th printing 2007 |
| 505 2# - FORMATTED CONTENTS NOTE | |
| Formatted contents note | Unit 1: World Health in the Twenty-first century. -- Unit 2: Living in a multicultural society. -- Unit 3: Aspects of language. -- Unit 4: Looking after planet earth. |
| 650 #0 - SUBJECT ADDED ENTRY--TOPICAL TERM | |
| Topical term or geographic name entry element | English language |
| Form subdivision | Textbooks for foreign speakers. |
| 9 (RLIN) | 10818 |
| 650 #0 - SUBJECT ADDED ENTRY--TOPICAL TERM | |
| Topical term or geographic name entry element | Reading (Higher education) |
| Form subdivision | Problems, exercises, etc. |
| 9 (RLIN) | 16258 |
| 650 #0 - SUBJECT ADDED ENTRY--TOPICAL TERM | |
| Topical term or geographic name entry element | College readers. |
| 9 (RLIN) | 1527 |
| 830 #0 - SERIES ADDED ENTRY--UNIFORM TITLE | |
| Uniform title | Making connections |
| 9 (RLIN) | 103778 |
| 920 ## - Programme | |
| Programme | GEN : 109976 |
| Withdrawn status | Lost status | Source of classification or shelving scheme | Damaged status | Not for loan | Collection code | Home library | Current library | Date acquired | Cost, normal purchase price | Total Checkouts | Barcode | Date last seen | Date last checked out | Copy number | Cost, replacement price | Koha item type | Public note |
|---|---|---|---|---|---|---|---|---|---|---|---|---|---|---|---|---|---|
| Withdrawn | Dewey Decimal Classification | Please fill up online form at https://taylorslibrary.taylors.edu.my/services/external_storage1 | TC External Storage | TC External Storage | 10/09/2009 | 74.26 | 5000092698 | 12/12/2019 | 24/09/2009 | 1 | 74.26 | Main Collection | GENxx,GENxx,02,AD |